Music Quiz

Random Music or Rock Quiz

Rock Bands A-Z and Z-A Quiz Stats

 Plays Quiz Updated Feb 11, 2018

Score 0/52 Timer 16:00
1 Play Today
Songs Artist % Correct
T.N.T.
Back in Black
AC/DC
96%
Take It To the Limit
Hotel California
Eagles
95%
Hey Jude
In My Life
The Beatles
91.5%
All Apologies
Smells Like Teen Spirit
Nirvana
90%
Keep Yourself Alive
Fat Bottomed Girls
Queen
89%
Don't Stop Believin'
Stoned In Love
Journey
88.6%
Rock the Casbah
London Calling
The Clash
87.2%
Champagne Supernova
Wonderwall
Oasis
85.3%
For Whom the Bell Tolls
Enter Sandman
Metallica
83.6%
Under the Bridge
Californication
Red Hot Chili Peppers
83.2%
Iron Man
War Pigs
Black Sabbath
82.5%
Sharp Dressed Man
Got Me Under Pressure
ZZ Top
82.4%
Rock and Roll All Nite
Detroit Rock City
KISS
79.1%
Photograph
Pour Some Sugar On Me
Def Leppard
78.6%
Black Magic Woman
Smooth
Santana
76.5%
Good Times Bad Times
Kashmir
Led Zeppelin
75.8%
Point of Know Return
Carry On Wayward Son
Kansas
74.8%
New Year's Day
One
U2
72.2%
Barracuda
Crazy on You
Heart
71.8%
Won't Get Fooled Again
Squeeze Box
The Who
70.4%
Mama Kin
Sweet Emotion
Aerosmith
69.7%
Every Rose Has Its Thorn
Unskinny Bop
Poison
68.8%
Rock You Like a Hurricane
Wind of Change
Scorpions
67.7%
Free Bird
Tuesday's Gone
Lynyrd Skynyrd
67.5%
Panama
Love Walks In
Van Halen
67.3%
Roundabout
Owner of a Lonely Heart
Yes
67.1%
Songs Artist % Correct
Love Me Two Times
LA Woman
The Doors
62.1%
Run To the Hills
Number of the Beast
Iron Maiden
61.7%
Say It Ain't So
Beverly Hills
Weezer
59.7%
Slow Ride
Fool For the City
Foghat
58.8%
Come Out and Play
Pretty Fly For a White Guy
The Offspring
56.6%
I Can't Fight This Feeling
Take It On the Run
REO Speedwagon
56.6%
Need You Tonight
What You Need
INXS
56.4%
Looks That Kill
Dr. Feelgood
Mötley Crüe
55.8%
Misunderstanding
Land of Confusion
Genesis
55.8%
Living After Midnight
Breaking the Law
Judas Priest
53.3%
My Hero
Times Like These
Foo Fighters
52.5%
Evil Woman
Telephone Line
Electric Light Orchestra
45.3%
Love Hurts
Hair of the Dog
Nazareth
43.7%
Brass in Pocket
Message of Love
The Pretenders
42.6%
20th Century Boy
Get It On
T. Rex
39.1%
The New World
Burning House of Love
X
37.1%
Silent Lucidity
Jet City Woman
Queensrÿche
34.1%
Ripple
Casey Jones
Grateful Dead
33.7%
Dancin' Fool
Don't Eat the Yellow Snow
Frank Zappa
32%
Love Song
Signs
Tesla
24.8%
Shine
The World I Know
Collective Soul
24.7%
Slither
Fall to Pieces
Velvet Revolver
23.1%
Easy Livin'
Spider Woman
Uriah Heep
21.5%
Thirty Days In the Hole
I Don't Need No Doctor
Humble Pie
11.3%
Get Together
Darkness Darkness
The Youngbloods
10.4%
Face Down in the Gutter
Shake Down the Walls
XYZ
6%

You're not logged in!

Compare scores with friends on all Sporcle quizzes.
OR
Log In

Sporcle TV

Today on Sporcle TV


Watch our educational content, quiz creation guides, and fun videos on Sporcle TV.

Show Comments

Extras

Top Quizzes Today


Score Distribution

Your Account Isn't Verified!

In order to create a playlist on Sporcle, you need to verify the email address you used during registration. Go to your Sporcle Settings to finish the process.

Report this User

Report this user for behavior that violates our Community Guidelines.

Details: